00257nam a2200109Ia 4500003000400000005001700004008004100021020001900062040002000081100001000101245003600111OSt20240119150538.0170524s9999 xx 000 0 und d a978-8120307575 cIIMT UNIVERSITY aGREEN 0aResearch for Marketing Decision